Movies Quiz

Random Movies or Actor Quiz
Score 0/20 Timer 04:00
0 Plays Today
Question Answer Wrong Answers
Batman Forever (1995) Jim Carrey
69.5%
Nicole Kidman
4.8%
Tommy Lee Jones
5.5%
Val Kilmer
12.5%
The Amityville Horror (2005) Ryan Reynolds
67%
Melissa George
7.3%
Chloë Grace Moretz
10.7%
Philip Baker Hall
6.3%
Trading Places (1983) Dan Aykroyd
62%
Eddie Murphy
3.3%
Jamie Lee Curtis
7.1%
Don Ameche
20.2%
The Naked Gun 2½: The Smell of Fear (1991) Leslie Nielsen
61.5%
Priscilla Presley
7.9%
O.J. Simpson
2.8%
George Kennedy
19.9%
Canadian Bacon (1995) John Candy
61.1%
Alan Alda
9.9%
Rhea Perlman
7.4%
Rip Torn
13.4%
Inception (2010) Ellen Page
56.5%
Leonardo DiCaprio
3.7%
Joseph Gordon-Levitt
18.8%
Marion Cotillard
12.1%
Beetlejuice (1998) Catherine O'Hara
56.2%
Alec Baldwin
5.4%
Winona Ryder
14.1%
Michael Keaton
15.8%
Star Trek II: The Wrath of Khan (1982) William Shatner
54.3%
Ricardo Montalban
11.4%
George Takei
7.8%
DeForest Kelley
19.2%
Superman (1978) Margot Kidder
53.7%
Christopher Reeve
14.9%
Gene Hackman
9.1%
Terence Stamp
15.4%
Invasion of the Body Snatchers (1978) Donald Sutherland
53%
Jeff Goldblum
9.3%
Veronica Cartwright
15.9%
Leonard Nimoy
15.4%
The Trojan Women (1971) Genevieve Bujold
52.6%
Katharine Hepburn
5.8%
Vanessa Redgrave
13.4%
Irene Papas
21.8%
Santa Fe Trail (1940) Raymond Massey
50%
Ronald Reagan
5.1%
Olivia de Havilland
22%
Errol Flynn
21.7%
Wild Things (1998) Neve Campbell
49.7%
Kevin Bacon
11.8%
Matt Dillon
14.1%
Denise Richards
15.9%
Live and Let Die (1973) Lois Maxwell
44.5%
Roger Moore
8%
Jane Seymour
20.7%
Yaphet Kotto
20.1%
Rear Window (1954) Raymond Burr
43.3%
James Stewart
13.3%
Grace Kelly
9.4%
Thelma Ritter
32.4%
Little Big Man (1970) Chief Dan George
41.4%
Dustin Hoffman
9.6%
Faye Dunaway
12.3%
Martin Balsam
30.9%
The Ten Commandments (1956) Yvonne De Carlo
41.2%
Charlton Heston
11.3%
Yul Brynner
18.3%
Edward G. Robinson
26.5%
They Shoot Horses, Don't They? (1969) Michael Sarrazin
38.1%
Jane Fonda
8.3%
Bruce Dern
23.4%
Susannah York
25.1%
Voyage to the Bottom of the Sea (1961) Walter Pidgeon
34.8%
Peter Lorre
18.5%
Joan Fontaine
23%
Barbara Eden
19.3%
The Big Heat (1953) Glenn Ford
31.3%
Gloria Grahame
32.9%
Lee Marvin
18.9%
Jocelyn Brando
15.1%

You're not logged in!

Compare scores with friends on all Sporcle quizzes.
OR
Log In

Sporcle TV

Today on Sporcle TV


Watch our educational content, quiz creation guides, and fun videos on Sporcle TV.

Show Comments

Extras

Top Quizzes Today


Score Distribution

Paid Content

Your Account Isn't Verified!

In order to create a playlist on Sporcle, you need to verify the email address you used during registration. Go to your Sporcle Settings to finish the process.

Report this User

Report this user for behavior that violates our Community Guidelines.

Details: